| 000 | 00601nam a22001937a 4500 | ||
|---|---|---|---|
| 999 |
_c158522 _d158522 |
||
| 005 | 20181105122601.0 | ||
| 010 | _aENG-124433 | ||
| 020 |
_a9788171921386 _c800.00 |
||
| 035 | _aEN-107965 | ||
| 037 | _bDBAD/PUB | ||
| 082 | _a796.01 | ||
| 100 | _aYawalikar, Hemant B. | ||
| 245 |
_aThe dynamics of personality and motivational patterns amongst athletes / _cby Hemant B.Yawalikar |
||
| 260 |
_aNagpur _bDattsons _c2017 |
||
| 270 |
_aJ.N. Marg, Sadar _bNagpur _e440001 |
||
| 300 |
_a159p. _c21cm(Hb) _bill. |
||
| 500 | _aIt includes bibliography. | ||
| 942 |
_2ddc _cEN _h796.01 _mYAW |
||